الحضارة الإسلامية في تاجيكستان ;; alhadarat al'iislamiat fi tajikistan / (Record no. 78899)
[ view plain ]
| 000 -LEADER | |
|---|---|
| fixed length control field | 00971nam a2200241 a 4500 |
| 001 - CONTROL NUMBER | |
| control field | 78899 |
| 003 - CONTROL NUMBER IDENTIFIER | |
| rucl marc code | BD-RjUL |
| 005 - DATE AND TIME OF LATEST TRANSACTION | |
| control field | 20211209083204.0 |
| 008 - FIXED-LENGTH DATA ELEMENTS--GENERAL INFORMATION | |
| fixed length control field | 211125s19981418mr ||||| |||| 00| 0 ara d |
| 035 ## - SYSTEM CONTROL NUMBER | |
| System control number | (BD-RjUL) |
| 040 ## - CATALOGING SOURCE | |
| Original cataloging agency | BD-RjUL |
| Language of cataloging | eng |
| Transcribing agency | BD-RjUL |
| 041 ## - LANGUAGE CODE | |
| Language code of text/sound track or separate title | ara |
| 082 ## - DEWEY DECIMAL CLASSIFICATION NUMBER | |
| Edition number | 23 |
| Classification number | 297.09586 |
| Author mark and year | ASH 1997 |
| 100 ## - MAIN ENTRY--PERSONAL NAME | |
| Personal name | يف, أركين رحمة الله، ;; yaf 'arkin rahmat allahi, |
| 9 (RLIN) | 250632 |
| 245 14 - TITLE STATEMENT | |
| Title | الحضارة الإسلامية في تاجيكستان ;; alhadarat al'iislamiat fi tajikistan / |
| Statement of responsibility, etc. | أركين رحمة الله يف، عبد الله يولدا شيف يولدا شيف ;; 'arkin rahmat allah yifi, abd allah yulida shif yulda shif |
| 260 ## - PUBLICATION, DISTRIBUTION, ETC. (IMPRINT) | |
| Place of publication, distribution, etc. | الإيسيسكو، |
| Date of publication, distribution, etc. | 1998 |
| 300 ## - PHYSICAL DESCRIPTION | |
| Pagination | 182 p. ; |
| Size | 26 cm |
| 650 ## - SUBJECT ADDED ENTRY--TOPICAL TERM | |
| Topical term or geographic name as entry element | Islamic civilization |
| 9 (RLIN) | 250633 |
| Topical term or geographic name as entry element | Tajikistan |
| 9 (RLIN) | 250634 |
| Topical term or geographic name as entry element | Civilization |
| Form subdivision | Islam |
| 9 (RLIN) | 250635 |
| 700 ## - ADDED ENTRY--PERSONAL NAME | |
| Personal name | shyf abd allah yulida ;; شيف, عبد الله يولدا |
| 942 ## - ADDED ENTRY ELEMENTS (KOHA) | |
| Source of classification or shelving scheme | Dewey Decimal Classification |
| Koha item type | Books |
| Lost status | Source of classification or shelving scheme | Damaged status | Not for loan | Collection code | Permanent Location | Current Location | Shelving location | Date acquired | Full call number | Date last seen | Copy number | Koha item type | Source of acquisition | Total Checkouts |
|---|---|---|---|---|---|---|---|---|---|---|---|---|---|---|
| Dewey Decimal Classification | Not For Loan | Non-fiction | Central Library, University of Rajshahi | Central Library, University of Rajshahi | Reading Room | 25/11/2021 | A 297.09586 ASH 1997 | 25/11/2021 | C-1 | Books | ||||
| Dewey Decimal Classification | Non-fiction | Central Library, University of Rajshahi | Central Library, University of Rajshahi | General Stacks | 02/06/1998 | A 297.09586 ASH 1997 | 03/04/2022 | C-1 | Books | Isesco |